000 00433nam a2200169Ia 4500
003 GCL
008 140319s9999 xx 000 0 eng d
040 _aGCL /
_cGCL
082 0 4 _a822.33
_bB S
100 1 _aBURTON, J. H.
245 1 0 _aSHAKESPEAR'S LIFE AND STAGE /
_cBURTON, J. H.
260 _a[S.N] :
_bCHAMBERS ،
_c1991
300 _a230 P
650 0 4 _aSHAKESPEARE, WILLIAM
650 0 4 _aDRAMA IN ENGLISH
942 _2ddc
_cBK
999 _c25126
_d25126